000 00794cam4a220025300 4500
001 lce00791114
008 700622c19701966nyu b 000 0 eng
010 _a 72097701
020 _c1.45
035 _a(Sirsi) r98899
035 _a(DLC) 72097701
035 _a(UPRA)lce00791114
050 0 _aB841.4
_b.E34
082 _a149/.9
100 1 _aEhrmann, Jacques.
_6A57529.1
245 1 0 _aStructuralism,
_cedited with an introd. by Jacques Ehrmann.
250 _a[1st ed.]
260 _aGarden City, N.Y.,
_bAnchor Books,
_c1970 [c1966]
500 _a"The present volume appeared in 1966 as a special issue of Yale studies."
504 _aBibliography: p. [239]-263.
650 0 _aStructuralism.
_6S23820.1
949 _aB841.4
_wlcc
_i-140936
_mMAIN
_tBOOK
_lON-SHELF
004 98899
999 _c143539
_d143539